Legal aspects of inland water pollution control in West Malaysia /
Saved in:
| 主要作者: | |
|---|---|
| 格式: | Thesis |
| 语言: | English |
| 出版: |
London :
Department of Law, Sch. of Oriental and African Studies, Univ. of London,
2001
|
| 主题: | |
| 标签: |
添加标签
没有标签, 成为第一个标记此记录!
|
| LEADER | 012690000a22003130004500 | ||
|---|---|---|---|
| 001 | 225220 | ||
| 005 | 20230420111012.0 | ||
| 008 | 011214s2001 enkab f M 000 0 eng d | ||
| 035 | |a (Sirsi) 225220 | ||
| 040 | |a UIAM |b eng | ||
| 043 | |a a-my--- | ||
| 050 | 0 | |a KPG1512 | |
| 100 | 0 | |a Maizatun Mustafa, |e author |9 80065 | |
| 245 | 1 | 0 | |a Legal aspects of inland water pollution control in West Malaysia / |c by Maizatun Mustafa |
| 264 | 1 | |a London : |b Department of Law, Sch. of Oriental and African Studies, Univ. of London, |c 2001 | |
| 300 | |a 371 leaves : |b illustrations, maps ; |c 30 cm. | ||
| 336 | |2 rdacontent |a text | ||
| 337 | |2 rdamedia |a unmediated | ||
| 338 | |2 rdacarrier |a volume | ||
| 502 | |a "Thesis submitted for the Degree of Doctor of Philosophy."--On title page. | ||
| 502 | |a Thesis (Ph. D)--University of London, 2001 | ||
| 504 | |a Includes bibliographical references (leaves 334-370). | ||
| 650 | 0 | |a Water |x Pollution Potential |z Malaysia |9 115439 | |
| 650 | 0 | |a Water |x Law and legislation |z Malaysia |9 115440 | |
| 655 | 0 | 7 | |a Theses, non-IIUM |
| 900 | |a hj-rtr-za | ||
| 942 | |2 lcc |n 0 | ||
| 999 | |c 431594 |d 463085 | ||
| 952 | |0 0 |6 T KPG001512 M232L 2001 |7 0 |8 THESES |9 751505 |a IIUM |b IIUM |c MULTIMEDIA |g 0.00 |o t KPG 1512 M232L 2001 |p 00000665225 |r 2017-10-20 |t 1 |v 0.00 |y THESIS | ||
